[Event "NB II. Breyer csoport"]
[Site "Tatabanya"]
[Date "2024.04.21"]
[Round "8.8"]
[White "Bak, Tamas"]
[Black "Petervari, Szabolcs"]
[Result "1/2-1/2"]
[WhiteElo "1854"]
[BlackElo "1981"]
[PlyCount "130"]
[EventDate "2023.10.08"]
[EventType "team-tourn"]
[EventRounds "9"]
[EventCountry "HUN"]
[Source "chess.hu"]
[WhiteTeam "Tatabanyai SC"]
[BlackTeam "Esztergomi SC"]
[WhiteTeamCountry "HUN"]
[BlackTeamCountry "HUN"]

1. e4 d6 2. d4 Nf6 3. Nc3 g6 4. f3 a6 5. Be3 b5 6. a3 Bb7 7. Qd2 Nbd7 8. O-O-O
Rc8 9. Bh6 c5 10. dxc5 Nxc5 11. Bxf8 Rxf8 12. Kb1 Nfd7 13. Nge2 Nb6 14. Nf4
Nca4 15. Nfd5 Bxd5 16. Nxd5 Nxd5 17. Qxd5 Rc5 18. Qb7 Qc8 19. Qxc8+ Rxc8 20.
Bd3 e5 21. Rhe1 Ke7 22. g3 Nc5 23. h4 Ne6 24. c3 Ng7 25. Rd2 Nh5 26. Rg1 Rfd8
27. Be2 Rc5 28. Kc2 d5 29. b4 Rc7 30. exd5 Nf6 31. Rgd1 Kd6 32. Kb3 Rdc8 33.
Rd3 e4 34. Re3 exf3 35. Bxf3 Re8 36. Rde1 Rxe3 37. Rxe3 h5 38. Rd3 Nd7 39. Bg2
Ne5 40. Re3 f5 41. a4 bxa4+ 42. Kxa4 Rc4 43. Kb3 Rg4 44. Bh3 f4 45. Bxg4 fxe3
46. Be2 Kxd5 47. c4+ Ke4 48. Kc3 Nc6 49. b5 axb5 50. cxb5 Nd4 51. Bd3+ Kd5 52.
Bxg6 Ne2+ 53. Kd3 Nxg3 54. Kxe3 Kc5 55. Kf4 Ne2+ 56. Kg5 Nd4 57. Be8 Ne6+ 58.
Kxh5 Ng7+ 59. Kg6 Nxe8 60. h5 Nc7 61. h6 Ne6 62. Kf6 Nf8 63. Kg7 Ne6+ 64. Kf7
Ng5+ 65. Kg6 Ne6 1/2-1/2

[Event "NB II. Breyer csoport"]
[Site "Tatabanya"]
[Date "2024.04.21"]
[Round "8.9"]
[White "Szabo, Lajos"]
[Black "Korodi, Mihaly"]
[Result "1/2-1/2"]
[WhiteElo "1997"]
[BlackElo "1786"]
[PlyCount "124"]
[EventDate "2023.10.08"]
[EventType "team-tourn"]
[EventRounds "9"]
[EventCountry "HUN"]
[Source "chess.hu"]
[WhiteTeam "Esztergomi SC"]
[BlackTeam "Tatabanyai SC"]
[WhiteTeamCountry "HUN"]
[BlackTeamCountry "HUN"]

1. c4 Nf6 2. Nc3 e6 3. d4 b6 4. Nf3 Bb7 5. Bg5 Bb4 6. e3 h6 7. Bxf6 Qxf6 8. a3
Bxf3 9. Qxf3 Qxf3 10. gxf3 Bxc3+ 11. bxc3 d6 12. Rg1 O-O 13. Bd3 Nd7 14. Be4
Rad8 15. Bc6 Nf6 16. Ke2 d5 17. cxd5 Nxd5 18. c4 Ne7 19. Be4 f5 20. Bc2 Rf6 21.
a4 Nc6 22. f4 Kf8 23. Rac1 Rf7 24. c5 Na5 25. Bb1 Rb8 26. Ba2 Re7 27. Rb1 c6
28. cxb6 axb6 29. Rgc1 Kf7 30. Rb4 Kf6 31. Rcb1 Reb7 32. Kd3 Ke7 33. Rg1 Kf6
34. Rgb1 Ke7 35. h4 Kf6 36. Rg1 g6 37. Rgb1 Ke7 38. Kc3 Kf6 39. R1b2 Ke7 40.
Bb1 Kd6 41. Bd3 Kc7 42. f3 c5 43. dxc5 bxc5 44. Rxb7+ Rxb7 45. Rxb7+ Kxb7 46.
Bc4 e5 47. Bd5+ Kc7 48. fxe5 g5 49. hxg5 hxg5 50. f4 g4 51. e4 fxe4 52. Bxe4
Nc6 53. Kc4 Nd4 54. f5 Nf3 55. Kxc5 Nxe5 56. a5 g3 57. Kd5 Nc6 58. Ke6 Nd4+ 59.
Kf6 Kb8 60. Ke5 Nxf5 61. Kxf5 Ka7 62. Kf4 Ka6 1/2-1/2

[Event "NB II. Breyer csoport"]
[Site "Tatabanya"]
[Date "2024.04.21"]
[Round "8.10"]
[White "Sandor, Viktor"]
[Black "Zsitva, Norbert"]
[Result "0-1"]
[WhiteElo "1852"]
[BlackElo "1977"]
[PlyCount "80"]
[EventDate "2023.10.08"]
[EventType "team-tourn"]
[EventRounds "9"]
[EventCountry "HUN"]
[Source "chess.hu"]
[WhiteTeam "Tatabanyai SC"]
[BlackTeam "Esztergomi SC"]
[WhiteTeamCountry "HUN"]
[BlackTeamCountry "HUN"]

1. c4 c6 2. g3 d5 3. cxd5 cxd5 4. Bg2 Nf6 5. Nf3 Nc6 6. O-O Bf5 7. d3 e6 8. a3
Bd6 9. b4 O-O 10. Bb2 Re8 11. Nbd2 a5 12. b5 Nb8 13. a4 Nbd7 14. Nh4 Bg4 15.
Bf3 Bh3 16. Bg2 Bxg2 17. Nxg2 Rc8 18. Nb3 e5 19. Rc1 Nc5 20. Nxc5 Bxc5 21. Nh4
Qd6 22. Nf3 Nd7 23. d4 exd4 24. Bxd4 Bxd4 25. Nxd4 Qb4 26. Rxc8 Rxc8 27. e3 Nb6
28. Nf5 g6 29. Nh6+ Kg7 30. Ng4 Nxa4 31. Qf3 Qd6 32. e4 h5 33. Ne3 d4 34. Nd5
Nc3 35. Qd3 Qe5 36. Nb6 Rd8 37. Nd5 Nxd5 38. exd5 Rxd5 39. Qd2 Rxb5 40. Re1 Qd6
0-1

[Event "NB II. Breyer csoport"]
[Site "Tatabanya"]
[Date "2024.04.21"]
[Round "8.11"]
[White "Rancso, Mark"]
[Black "Sopow, Tamas Dr"]
[Result "1-0"]
[WhiteElo "1950"]
[BlackElo "1818"]
[PlyCount "78"]
[EventDate "2023.10.08"]
[EventType "team-tourn"]
[EventRounds "9"]
[EventCountry "HUN"]
[Source "chess.hu"]
[WhiteTeam "Esztergomi SC"]
[BlackTeam "Tatabanyai SC"]
[WhiteTeamCountry "HUN"]
[BlackTeamCountry "HUN"]

1. Nf3 d5 2. d4 e6 3. c4 Nf6 4. Nc3 Be7 5. e3 O-O 6. Bd3 b6 7. cxd5 Nxd5 8. e4
Nxc3 9. bxc3 Bb7 10. O-O Nd7 11. a4 c5 12. Bb2 Qc7 13. Rc1 Rfd8 14. Qe2 Rac8
15. Ba6 Bf8 16. Rfd1 Nf6 17. e5 Nd5 18. Bxb7 Qxb7 19. Qe4 Qc6 20. Ng5 g6 21.
Qf3 Qe8 22. c4 Bh6 23. Ne4 Qxa4 24. cxd5 Bxc1 25. Nf6+ Kh8 26. Bxc1 cxd4 27.
Ng4 f5 28. exf6 Rxd5 29. Bh6 Rh5 30. Bg7+ Kg8 31. Nh6+ Rxh6 32. Bxh6 Qd7 33.
Qe4 Rd8 34. f7+ Kxf7 35. Qe5 Qd5 36. Qg7+ Ke8 37. Re1 Qf5 38. h4 d3 39. Bg5 d2
1-0

[Event "NB II. Breyer csoport"]
[Site "Budapest"]
[Date "2024.04.21"]
[Round "8.1"]
[White "Giang, Tran Nam"]
[Black "Toth-Katona, Tamas"]
[Result "1-0"]
[WhiteElo "2155"]
[BlackElo "2077"]
[PlyCount "83"]
[EventDate "2023.10.08"]
[EventType "team-tourn"]
[EventRounds "9"]
[EventCountry "HUN"]
[Source "chess.hu"]
[WhiteTeam "Geniusz Tata-Naszaly"]
[BlackTeam "MTK Budapest II."]
[WhiteTeamCountry "HUN"]
[BlackTeamCountry "HUN"]

1. e4 e6 2. d4 d5 3. Nc3 dxe4 4. Nxe4 Bd7 5. Nf3 Bc6 6. Bd3 Nd7 7. O-O Ngf6 8.
Qe2 Be7 9. Re1 O-O 10. Ng3 Bxf3 11. Qxf3 c6 12. c3 Qb6 13. Bg5 Rfe8 14. h4 Rad8
15. Re2 h6 16. Bxf6 Nxf6 17. Rae1 Qa5 18. Bb1 Qd5 19. Ne4 Nxe4 20. Rxe4 Bf6 21.
Qe2 Rd7 22. Qc2 Qh5 23. Rf4 Red8 24. b4 b6 25. Qh7+ Kf8 26. Be4 c5 27. Bf3 Qg6
28. Qxg6 fxg6 29. bxc5 g5 30. hxg5 hxg5 31. Rfe4 bxc5 32. dxc5 Rc7 33. Rc4 Rd2
34. a4 Kf7 35. c6 Rc2 36. Bg4 Bxc3 37. Rd1 Kf6 38. g3 Ke5 39. Rc5+ Kf6 40. Kg2
Rf7 41. c7 Kg6 42. Bf3 1-0

[Event "NB II. Breyer csoport"]
[Site "Budapest"]
[Date "2024.04.21"]
[Round "8.2"]
[White "Berta, Sandor"]
[Black "Kovacs, David"]
[Result "1/2-1/2"]
[WhiteElo "2050"]
[BlackElo "2131"]
[PlyCount "40"]
[EventDate "2023.10.08"]
[EventType "team-tourn"]
[EventRounds "9"]
[EventCountry "HUN"]
[Source "chess.hu"]
[WhiteTeam "MTK Budapest II."]
[BlackTeam "Geniusz Tata-Naszaly"]
[WhiteTeamCountry "HUN"]
[BlackTeamCountry "HUN"]

1. g3 d5 2. c4 c6 3. Bg2 Nf6 4. b3 dxc4 5. bxc4 Qd4 6. Nc3 Qxc4 7. Nf3 Nbd7 8.
Ba3 e5 9. Bxf8 Kxf8 10. Rc1 g6 11. d4 exd4 12. Nxd4 Qb4 13. O-O Kg7 14. Qd2 Re8
15. Rfd1 Ne5 16. Qf4 Qa5 17. e4 Be6 18. Ncb5 cxb5 19. Qxe5 Bg4 20. Qf4 b4
1/2-1/2

[Event "NB II. Breyer csoport"]
[Site "Budapest"]
[Date "2024.04.21"]
[Round "8.3"]
[White "Kovacs, Gabor Etele"]
[Black "Molnar, Jozsef"]
[Result "1-0"]
[WhiteElo "2093"]
[BlackElo "2047"]
[PlyCount "95"]
[EventDate "2023.10.08"]
[EventType "team-tourn"]
[EventRounds "9"]
[EventCountry "HUN"]
[Source "chess.hu"]
[WhiteTeam "Geniusz Tata-Naszaly"]
[BlackTeam "MTK Budapest II."]
[WhiteTeamCountry "HUN"]
[BlackTeamCountry "HUN"]

1. e4 c5 2. Nf3 Nc6 3. Bb5 g6 4. Bxc6 dxc6 5. d3 Bg7 6. h3 Nf6 7. Nc3 O-O 8.
Be3 b6 9. Qd2 a5 10. Bh6 a4 11. a3 Re8 12. Bxg7 Kxg7 13. e5 Nd5 14. Ne4 Nc7 15.
h4 h6 16. h5 Rh8 17. hxg6 fxg6 18. Qf4 Ne6 19. Qh4 Ra7 20. Ng3 Qf8 21. Qe4 Bd7
22. Rh4 b5 23. O-O-O b4 24. Rdh1 Qf7 25. axb4 a3 26. bxa3 Rxa3 27. bxc5 Nxc5
28. Qd4 Qd5 29. Qxd5 cxd5 30. Nd4 h5 31. f4 Rc8 32. Kd2 e6 33. Nge2 Ra2 34. Nc3
Ra3 35. g4 Be8 36. gxh5 gxh5 37. Ncb5 Bxb5 38. Nxb5 Ra2 39. Rg1+ Kf8 40. Rxh5
Nb3+ 41. Ke3 d4+ 42. Nxd4 Nxd4 43. Rh8+ Kf7 44. Rxc8 Nxc2+ 45. Ke4 Nb4 46. Rb1
Nd5 47. Rb7+ Kg6 48. f5+ 1-0

[Event "NB II. Breyer csoport"]
[Site "Budapest"]
[Date "2024.04.21"]
[Round "8.4"]
[White "Thierry, Edvard"]
[Black "Szabo-Toth, Gabor"]
[Result "0-1"]
[WhiteElo "1947"]
[BlackElo "2119"]
[PlyCount "36"]
[EventDate "2023.10.08"]
[EventType "team-tourn"]
[EventRounds "9"]
[EventCountry "HUN"]
[Source "chess.hu"]
[WhiteTeam "MTK Budapest II."]
[BlackTeam "Geniusz Tata-Naszaly"]
[WhiteTeamCountry "HUN"]
[BlackTeamCountry "HUN"]

1. d4 Nf6 2. c4 e6 3. Nf3 b6 4. Nc3 Bb4 5. Bd2 Bb7 6. e3 O-O 7. Bd3 d6 8. Qc2
c5 9. a3 Bxc3 10. Bxc3 Nbd7 11. dxc5 Nxc5 12. Ng5 h6 13. Bh7+ Kh8 14. Bg8 hxg5
15. Bxf6 Be4 16. Bxd8 Bxc2 17. Be7 Rxg8 18. Bxd6 Nb3 0-1

[Event "NB II. Breyer csoport"]
[Site "Budapest"]
[Date "2024.04.21"]
[Round "8.5"]
[White "Kovacs, Reka"]
[Black "Yip, Michael"]
[Result "1/2-1/2"]
[WhiteElo "1885"]
[BlackElo "1876"]
[PlyCount "49"]
[EventDate "2023.10.08"]
[EventType "team-tourn"]
[EventRounds "9"]
[EventCountry "HUN"]
[Source "chess.hu"]
[WhiteTeam "Geniusz Tata-Naszaly"]
[BlackTeam "MTK Budapest II."]
[WhiteTeamCountry "HUN"]
[BlackTeamCountry "HUN"]

1. e4 d5 2. exd5 Qxd5 3. Nc3 Qd6 4. d4 Nf6 5. Nf3 c6 6. Ne5 Nbd7 7. Bf4 Nd5 8.
Nxd5 Qxd5 9. Nf3 Nf6 10. h3 Bf5 11. Bd3 Bxd3 12. Qxd3 e6 13. O-O Be7 14. Rfe1
O-O 15. c3 Rad8 16. Bc7 Rc8 17. Bg3 Rfd8 18. Qc2 c5 19. dxc5 Qxc5 20. Rad1 h6
21. Be5 b6 22. Rxd8+ Rxd8 23. Rd1 Rxd1+ 24. Qxd1 Qc6 25. Qd3 1/2-1/2

[Event "NB II. Breyer csoport"]
[Site "Budapest"]
[Date "2024.04.21"]
[Round "8.6"]
[White "Boros, Krisztian Levente"]
[Black "Kossela, Peter"]
[Result "1-0"]
[WhiteElo "1998"]
[BlackElo "1925"]
[PlyCount "71"]
[EventDate "2023.10.08"]
[EventType "team-tourn"]
[EventRounds "9"]
[EventCountry "HUN"]
[Source "chess.hu"]
[WhiteTeam "MTK Budapest II."]
[BlackTeam "Geniusz Tata-Naszaly"]
[WhiteTeamCountry "HUN"]
[BlackTeamCountry "HUN"]

1. e4 e5 2. Nf3 Nc6 3. Bb5 Nf6 4. O-O d6 5. Nc3 Bd7 6. d4 exd4 7. Nxd4 g6 8.
Bg5 Bg7 9. f4 h6 10. Bh4 Nxd4 11. Qxd4 Nh5 12. Qf2 Bf6 13. Bxf6 Nxf6 14. e5
Bxb5 15. Nxb5 Ng4 16. Qe2 Qd7 17. Nxc7+ Kf8 18. Nxa8 h5 19. h3 Nh6 20. exd6
Qxd6 21. Rad1 Qc5+ 22. Qf2 Qc8 23. Qxa7 Kg7 24. Qd4+ Kh7 25. Nb6 Qxc2 26. Nd5
Nf5 27. Qc3 Qa4 28. Nf6+ Kh6 29. Nxh5 Re8 30. Nf6 Re6 31. Ng4+ Kh7 32. Rd8 Qa7+
33. Kh2 Ng7 34. Qc8 g5 35. Rh8+ Kg6 36. Rh6+ 1-0

[Event "NB II. Breyer csoport"]
[Site "Budapest"]
[Date "2024.04.21"]
[Round "8.7"]
[White "Vancsisin, Mark"]
[Black "Horvath, Andras"]
[Result "1-0"]
[WhiteElo "1883"]
[BlackElo "1847"]
[PlyCount "93"]
[EventDate "2023.10.08"]
[EventType "team-tourn"]
[EventRounds "9"]
[EventCountry "HUN"]
[Source "chess.hu"]
[WhiteTeam "Geniusz Tata-Naszaly"]
[BlackTeam "MTK Budapest II."]
[WhiteTeamCountry "HUN"]
[BlackTeamCountry "HUN"]

1. e4 e5 2. Nf3 Nc6 3. Bc4 Nf6 4. d3 Bc5 5. c3 d6 6. Bb3 a6 7. Nbd2 O-O 8. h3
Be6 9. Nc4 b5 10. Ne3 Re8 11. O-O d5 12. Ng5 d4 13. Nxe6 fxe6 14. Ng4 Nd7 15.
Kh1 Kh8 16. f4 exf4 17. Bxf4 Bd6 18. Qe1 Nc5 19. e5 Bf8 20. Rd1 Nxb3 21. axb3
Be7 22. Qe4 Qd7 23. Rf3 b4 24. Bh6 Rf8 25. Rdf1 Qd5 26. Rf7 Rxf7 27. Rxf7 Rg8
28. cxd4 Qxe4 29. dxe4 gxh6 30. d5 Rg7 31. Rxg7 Kxg7 32. dxc6 Kg6 33. Ne3 Bc5
34. Nc4 Kg5 35. g3 h5 36. h4+ Kg4 37. Kg2 Bd4 38. Nd2 Bxe5 39. Nf1 Bxg3 40.
Nxg3 Kxh4 41. Kf3 Kg5 42. Ne2 e5 43. Ng3 h4 44. Nf5 h3 45. Kg3 h5 46. Kxh3 Kf4
47. Nd6 1-0

[Event "NB II. Breyer csoport"]
[Site "Budapest"]
[Date "2024.04.21"]
[Round "8.8"]
[White "Toth, Rafael"]
[Black "Polyanszky-Tamasi, Zoltan Dr"]
[Result "1/2-1/2"]
[WhiteElo "1841"]
[BlackElo "1876"]
[PlyCount "58"]
[EventDate "2023.10.08"]
[EventType "team-tourn"]
[EventRounds "9"]
[EventCountry "HUN"]
[Source "chess.hu"]
[WhiteTeam "MTK Budapest II."]
[BlackTeam "Geniusz Tata-Naszaly"]
[WhiteTeamCountry "HUN"]
[BlackTeamCountry "HUN"]

1. e4 e6 2. d4 d5 3. Nd2 Nf6 4. e5 Nfd7 5. Bd3 c5 6. c3 Nc6 7. Ne2 cxd4 8. cxd4
f6 9. exf6 Nxf6 10. Nf3 Bd6 11. O-O O-O 12. Bf4 Bxf4 13. Nxf4 Ne4 14. Ne2 Rxf3
15. gxf3 Ng5 16. f4 Nh3+ 17. Kh1 Qh4 18. Kg2 Qg4+ 19. Ng3 Nxf4+ 20. Kh1 Qh3 21.
Rg1 Bd7 22. Qf3 Rf8 23. Bf1 Qh4 24. Qe3 Rf6 25. Bb5 Rh6 26. Nf1 Nh3 27. Rg2 Rf6
28. Ng3 Nf4 29. Rgg1 Rh6 1/2-1/2

[Event "NB II. Breyer csoport"]
[Site "Budapest"]
[Date "2024.04.21"]
[Round "8.9"]
[White "Karikas, Marianna"]
[Black "Gondor, Jakab"]
[Result "1/2-1/2"]
[WhiteElo "1897"]
[BlackElo "1908"]
[PlyCount "139"]
[EventDate "2023.10.08"]
[EventType "team-tourn"]
[EventRounds "9"]
[EventCountry "HUN"]
[Source "chess.hu"]
[WhiteTeam "Geniusz Tata-Naszaly"]
[BlackTeam "MTK Budapest II."]
[WhiteTeamCountry "HUN"]
[BlackTeamCountry "HUN"]

1. d4 g6 2. c4 Bg7 3. Nf3 d6 4. Nc3 Nd7 5. g3 Ngf6 6. Bg2 O-O 7. O-O c6 8. e4
Qc7 9. Qe2 e5 10. d5 a6 11. a4 Nc5 12. dxc6 bxc6 13. Qc2 a5 14. Nd2 Nfd7 15. b3
Ne6 16. Ba3 Nd4 17. Qd1 Rb8 18. Rb1 Ba6 19. Re1 Rfd8 20. Nf3 Rb6 21. Ne2 Nxf3+
22. Bxf3 Bf8 23. Qd2 Rbb8 24. Red1 Nf6 25. Nc3 Rd7 26. Rdc1 Qd8 27. Rd1 Bb7 28.
Qe1 Qc7 29. Rd3 Rbd8 30. Rbd1 Qb6 31. Qd2 Kg7 32. Qc2 Qa7 33. Bc1 Qa8 34. Ba3
d5 35. Bxf8+ Kxf8 36. cxd5 cxd5 37. Nxd5 Bxd5 38. Qc5+ Kg8 39. Rxd5 Nxd5 40.
exd5 Rd6 41. Qc3 f6 42. Rc1 Qa7 43. Qc5 Qb6 44. Qc3 Rb8 45. Be2 Kg7 46. Qc7+
Kh6 47. Qxb6 Rbxb6 48. Bc4 Kg7 49. Re1 Rb4 50. Kg2 Kf7 51. h4 Rdb6 52. Re3 Ke7
53. Kf3 Kd6 54. Ke2 Rb7 55. Kd2 Rc7 56. Kc3 Rc5 57. f3 Rb7 58. Re1 f5 59. f4 e4
60. Re3 Rb4 61. Re2 Rc7 62. Kd4 Rcb7 63. Re3 Rg7 64. Rc3 h6 65. Ke3 Rbb7 66.
Bb5 Rgc7 67. Bc4 Rc5 68. Kd2 Rg7 69. Ke3 Rgc7 70. Kd4 1/2-1/2

[Event "NB II. Breyer csoport"]
[Site "Budapest"]
[Date "2024.04.21"]
[Round "8.10"]
[White "Rona, Andras"]
[Black "Szobi, Geza"]
[Result "1-0"]
[WhiteElo "1824"]
[BlackElo "1904"]
[PlyCount "173"]
[EventDate "2023.10.08"]
[EventType "team-tourn"]
[EventRounds "9"]
[EventCountry "HUN"]
[Source "chess.hu"]
[WhiteTeam "MTK Budapest II."]
[BlackTeam "Geniusz Tata-Naszaly"]
[WhiteTeamCountry "HUN"]
[BlackTeamCountry "HUN"]

1. e4 c5 2. Nc3 d6 3. g3 Nc6 4. Bg2 Rb8 5. d3 Nf6 6. h3 e5 7. Nge2 Be7 8. O-O
b5 9. a3 a5 10. f4 Bd7 11. fxe5 Nxe5 12. Nf4 Qc8 13. Kh2 h5 14. Nfd5 Be6 15.
Nxe7 Kxe7 16. Bg5 Ned7 17. Nd5+ Bxd5 18. exd5 Kf8 19. Qd2 Nh7 20. Bf4 Qc7 21.
Rae1 Ne5 22. d4 cxd4 23. Qxd4 Re8 24. Bxe5 dxe5 25. d6 Qc4 26. Qxc4 bxc4 27.
Bd5 Nf6 28. Bxc4 e4 29. Rf5 Rh6 30. Rxa5 Rd8 31. Ra7 Rxd6 32. Rxf7+ Ke8 33.
Rxg7 Rd2+ 34. Re2 e3 35. Kg1 Rxe2 36. Bxe2 Ne4 37. Bd3 Kf8 38. Ra7 Nxg3 39.
Ra8+ Ke7 40. Ra7+ Kf8 41. Kg2 e2 42. Ra8+ Ke7 43. Bb5 Rg6 44. Re8+ Kd6 45. Kf2
Nf5 46. Bxe2 Rf6 47. Ke1 h4 48. Ra8 Kc7 49. Bd3 Nd4 50. Ra4 Nf3+ 51. Kd1 Re6
52. Re4 Rh6 53. Be2 Ng5 54. Rc4+ Kb6 55. Bg4 Nf7 56. Re4 Rd6+ 57. Ke2 Ng5 58.
Re5 Rg6 59. b4 Rg7 60. c4 Kc7 61. Ke3 Nh7 62. Rh5 Nf6 63. Rxh4 Re7+ 64. Kd3 Ne4
65. Bf5 Ng3 66. Bg4 Ne4 67. Rh6 Nf2+ 68. Kd4 Rg7 69. Bf5 Rg3 70. Rh7+ Kb8 71.
a4 Rf3 72. Rh5 Nh1 73. Be4 Rf4 74. Rh8+ Kc7 75. Ke5 Rf1 76. Bxh1 Rxh1 77. Kd5
Rd1+ 78. Kc5 Rf1 79. Rh7+ Kb8 80. b5 Rf5+ 81. Kb4 Rf4 82. a5 Re4 83. b6 Rf4 84.
a6 Rf8 85. Kb5 Re8 86. a7+ Ka8 87. Ka6 1-0

[Event "NB II. Breyer csoport"]
[Site "Budapest"]
[Date "2024.04.21"]
[Round "8.11"]
[White "Kasa, Barnabas"]
[Black "Kiss, Inez"]
[Result "1-0"]
[WhiteElo "1812"]
[BlackElo "1896"]
[PlyCount "61"]
[EventDate "2023.10.08"]
[EventType "team-tourn"]
[EventRounds "9"]
[EventCountry "HUN"]
[Source "chess.hu"]
[WhiteTeam "Geniusz Tata-Naszaly"]
[BlackTeam "MTK Budapest II."]
[WhiteTeamCountry "HUN"]
[BlackTeamCountry "HUN"]

1. e4 c6 2. d4 d5 3. Nc3 dxe4 4. Nxe4 Nf6 5. Nxf6+ exf6 6. c3 Bd6 7. Bd3 O-O 8.
Ne2 Re8 9. O-O Nd7 10. Bf4 Nf8 11. Qd2 Qc7 12. Bxd6 Qxd6 13. Ng3 Be6 14. f4 b6
15. f5 Bd7 16. Rf3 c5 17. Ne4 Qd5 18. Nxf6+ gxf6 19. Rg3+ Ng6 20. fxg6 fxg6 21.
Bxg6 hxg6 22. Rxg6+ Kf7 23. Qh6 Qf5 24. Qg7+ Ke6 25. Rf1 Qd3 26. Rgxf6+ Kd5 27.
Qxd7+ Kc4 28. Qa4+ Kd5 29. R1f5+ Ke4 30. Qc6+ Ke3 31. Rf3+ 1-0

[Event "NB II. Breyer csoport"]
[Site "Szekesfehervar"]
[Date "2024.04.21"]
[Round "8.1"]
[White "Gal, Tamas"]
[Black "Kiss, Viktor"]
[Result "0-1"]
[WhiteElo "2237"]
[BlackElo "2178"]
[PlyCount "44"]
[EventDate "2023.10.08"]
[EventType "team-tourn"]
[EventRounds "9"]
[EventCountry "HUN"]
[Source "chess.hu"]
[WhiteTeam "Zsambeki SBE"]
[BlackTeam "Fehervar SE"]
[WhiteTeamCountry "HUN"]
[BlackTeamCountry "HUN"]

1. d4 Nf6 2. Nf3 g6 3. c4 Bg7 4. Nc3 d5 5. Bg5 Ne4 6. Bh4 c6 7. e3 Qa5 8. cxd5
cxd5 9. Rc1 Nc6 10. Bd3 O-O 11. O-O Bf5 12. Bxe4 Bxe4 13. Nxe4 dxe4 14. Nd2 e5
15. Nxe4 exd4 16. exd4 Qf5 17. Nd6 Qd5 18. Bg3 Nxd4 19. Qd3 Rad8 20. Rfd1 f5
21. Nc4 f4 22. Bh4 g5 0-1

[Event "NB II. Breyer csoport"]
[Site "Szekesfehervar"]
[Date "2024.04.21"]
[Round "8.2"]
[White "Papagorasz, Takisz"]
[Black "Rummel, Zsolt"]
[Result "1-0"]
[WhiteElo "2138"]
[BlackElo "2084"]
[PlyCount "105"]
[EventDate "2023.10.08"]
[EventType "team-tourn"]
[EventRounds "9"]
[EventCountry "HUN"]
[Source "chess.hu"]
[WhiteTeam "Fehervar SE"]
[BlackTeam "Zsambeki SBE"]
[WhiteTeamCountry "HUN"]
[BlackTeamCountry "HUN"]

1. d4 Nf6 2. Nf3 g6 3. g3 Bg7 4. Bg2 O-O 5. O-O d6 6. Nbd2 Nbd7 7. e4 e5 8. c3
Qe8 9. Re1 Nh5 10. Nb3 a5 11. dxe5 dxe5 12. Be3 Qe7 13. a4 Nhf6 14. Qc2 Ng4 15.
Bg5 f6 16. Bd2 Nh6 17. h3 Nf7 18. Be3 Nb6 19. Bc5 Nd6 20. Red1 Be6 21. Rxd6
cxd6 22. Bxb6 f5 23. Nfd2 f4 24. g4 Ra6 25. Bxa5 h5 26. f3 Rfa8 27. Bb4 Rxa4
28. Ra3 Rxa3 29. bxa3 Qc7 30. c4 Bf8 31. Qd3 Qb6+ 32. Kf1 Be7 33. g5 h4 34. Ke2
Qg1 35. Bf1 b6 36. Kd1 Rc8 37. a4 Kf7 38. a5 bxa5 39. Bxa5 Bxh3 40. Bb6 Qh1 41.
c5 Bxf1 42. Nxf1 Qh3 43. cxd6 Bxd6 44. Qxd6 Qxf1+ 45. Kd2 Qg2+ 46. Ke1 Qh1+ 47.
Ke2 Qg2+ 48. Bf2 Rc2+ 49. Nd2 Qxg5 50. Kd3 Rc1 51. Bc5 Qf6 52. Qf8+ Ke6 53.
Qe8+ 1-0

[Event "NB II. Breyer csoport"]
[Site "Szekesfehervar"]
[Date "2024.04.21"]
[Round "8.3"]
[White "Emmer, Adam"]
[Black "Csire, Bence"]
[Result "0-1"]
[WhiteElo "1969"]
[BlackElo "2093"]
[PlyCount "84"]
[EventDate "2023.10.08"]
[EventType "team-tourn"]
[EventRounds "9"]
[EventCountry "HUN"]
[Source "chess.hu"]
[WhiteTeam "Zsambeki SBE"]
[BlackTeam "Fehervar SE"]
[WhiteTeamCountry "HUN"]
[BlackTeamCountry "HUN"]

1. Nf3 Nf6 2. c4 e6 3. e3 d5 4. Nc3 Be7 5. b3 O-O 6. Bb2 c5 7. d3 Nc6 8. Be2 d4
9. exd4 Nxd4 10. O-O b6 11. Nxd4 Qxd4 12. Bf3 Rb8 13. Na4 Qf4 14. Qe2 Bb7 15.
Bxb7 Rxb7 16. g3 Qf5 17. d4 cxd4 18. Bxd4 Rd7 19. Rad1 Rfd8 20. Be3 Ng4 21.
Rxd7 Rxd7 22. Bc1 h5 23. Kg2 h4 24. h3 Nf6 25. g4 Qg6 26. f3 Nh5 27. Rf2 Ba3
28. Be3 Ng3 29. Qc2 Qf6 30. Nc3 Qe5 31. Bd2 Bc5 32. f4 Qd6 33. Nb5 Qd3 34. Be1
Bxf2 35. Qxd3 Rxd3 36. Bxf2 Rd2 37. Kf3 Rxa2 38. Bd4 Nf1 39. Bc3 a6 40. Nd4 Rh2
41. Ke4 Rxh3 42. Nf3 f5+ 0-1

[Event "NB II. Breyer csoport"]
[Site "Szekesfehervar"]
[Date "2024.04.21"]
[Round "8.4"]
[White "Szabo, Lorinc"]
[Black "Bitto, Zoltan"]
[Result "1/2-1/2"]
[WhiteElo "2047"]
[BlackElo "2015"]
[PlyCount "44"]
[EventDate "2023.10.08"]
[EventType "team-tourn"]
[EventRounds "9"]
[EventCountry "HUN"]
[Source "chess.hu"]
[WhiteTeam "Fehervar SE"]
[BlackTeam "Zsambeki SBE"]
[WhiteTeamCountry "HUN"]
[BlackTeamCountry "HUN"]

1. e4 e6 2. d4 d5 3. exd5 exd5 4. Bd3 Nf6 5. Nf3 Bg4 6. O-O Be7 7. Re1 O-O 8.
Bg5 Re8 9. h3 Bh5 10. Nbd2 Nbd7 11. c3 c6 12. Qc2 Bg6 13. Bxg6 hxg6 14. Ne5
Nxe5 15. dxe5 Nh5 16. Bxe7 Rxe7 17. e6 fxe6 18. Qxg6 Qe8 19. Qg5 Nf6 20. Re3 e5
21. Rae1 e4 22. Rg3 Qf7 1/2-1/2

[Event "NB II. Breyer csoport"]
[Site "Szekesfehervar"]
[Date "2024.04.21"]
[Round "8.5"]
[White "Nagy, Gyorgy"]
[Black "Fellegi, Zoltan"]
[Result "0-1"]
[WhiteElo "1884"]
[BlackElo "1997"]
[PlyCount "54"]
[EventDate "2023.10.08"]
[EventType "team-tourn"]
[EventRounds "9"]
[EventCountry "HUN"]
[Source "chess.hu"]
[WhiteTeam "Zsambeki SBE"]
[BlackTeam "Fehervar SE"]
[WhiteTeamCountry "HUN"]
[BlackTeamCountry "HUN"]

1. d4 Nf6 2. c4 e6 3. Nc3 Bb4 4. Qc2 d5 5. e3 O-O 6. a3 Bxc3+ 7. Qxc3 b6 8. Nf3
Nbd7 9. cxd5 exd5 10. Bd3 Bb7 11. O-O Ne4 12. Qc2 Re8 13. b4 Rc8 14. Bb2 Qe7
15. Qe2 c6 16. Ba6 Bxa6 17. Qxa6 Rc7 18. Qd3 b5 19. Nd2 Nxd2 20. Qxd2 Nb6 21.
Rae1 Nc4 22. Qc3 f5 23. f4 a5 24. Bc1 axb4 25. axb4 Ra7 26. Rf3 Ra4 27. Rg3
Qxb4 0-1

[Event "NB II. Breyer csoport"]
[Site "Szekesfehervar"]
[Date "2024.04.21"]
[Round "8.6"]
[White "Nadi, Ferenc"]
[Black "Tessedik, Karoly"]
[Result "0-1"]
[WhiteElo "2024"]
[BlackElo "1876"]
[PlyCount "44"]
[EventDate "2023.10.08"]
[EventType "team-tourn"]
[EventRounds "9"]
[EventCountry "HUN"]
[Source "chess.hu"]
[WhiteTeam "Fehervar SE"]
[BlackTeam "Zsambeki SBE"]
[WhiteTeamCountry "HUN"]
[BlackTeamCountry "HUN"]

1. d4 Nf6 2. Nf3 d5 3. g3 e6 4. Bg2 Be7 5. O-O Nbd7 6. c4 O-O 7. Qc2 c5 8. cxd5
Nxd5 9. Nc3 Nb4 10. Qb3 Nf6 11. Rd1 Qa5 12. Bd2 cxd4 13. Nxd4 e5 14. Nf3 Be6
15. Qa4 Qxa4 16. Nxa4 Nc6 17. Nc3 h6 18. h3 Rad8 19. Be3 Nd5 20. Nxd5 Bxd5 21.
b3 f5 22. Nd2 f4 0-1